Largest cities on the Pacific Coast on a Map - Statistics

General Stats
  • This quiz has been taken 313 times
    25 since last reset
  • The average score is 26 of 32
Answers on the Map
Answers color-coded by a green-red scale on the quiz's map according to % correct below.
 
Answer Stats
Pop Answer % Correct
12.2 mil Lima
100%
4.63 mil Seattle
100%
22.4 mil Bangkok
96%
73.6 mil Guangzhou
96%
14.7 mil Ho Chi Minh City
96%
17.4 mil Los Angeles
96%
7.70 mil San Francisco
96%
25.4 mil Seoul
96%
42.3 mil Shanghai
96%
10.2 mil Taipei
96%
41.3 mil Tokyo
96%
3.33 mil Vancouver
96%
7.50 mil Hong Kong
91%
5.45 mil Melbourne
91%
17.7 mil Osaka
91%
3.25 mil San Diego
91%
8.15 mil Singapore
91%
5.30 mil Sydney
91%
3.58 mil Brisbane
87%
3.95 mil Busan
83%
10.5 mil Nagoya
83%
11.8 mil Tianjin
83%
15.8 mil Xiamen
83%
3.43 mil Guayaquil
74%
14.7 mil Hangzhou
70%
7.90 mil Qingdao
70%
4.88 mil Fuzhou
61%
5.55 mil Dalian
52%
7.10 mil Wenzhou
48%
8.10 mil Shantou
43%
7.75 mil Ningbo
35%
3.58 mil Nantong
17%
No matching quizzes found
Score Distribution
Percent of People with Each Score
Percentile by Number Answered
Your Score History
You have not taken this quiz since the last reset